000 00497nam a2200169Ia 4500
005 20250424120233.0
008 250424s9999 xx 000 0 und d
022 _a19572968
050 _aHG 46 .C46/
245 0 _aEconomic and financial review: Central Bank of Nigeria.
260 _a Lagos
260 _bDevelopment Universal Consortia
260 _c1997
300 _a146 p. ; 25 cm.
650 _aFinance--Nigeria--Periodicals. Banks and banking--Nigeria--Periodicals.
942 _cSR
999 _c38164
_d38164